000 00786nam a22002417a 4500
005 20251108174544.0
008 250721s9999 xx 000 0 ara d
082 1 4 _aم/610/غاي
100 1 _aغايتون، ارثر
_eمؤلف
245 1 0 _aالمرجع في الفيزيولوجيا الطبية /
264 1 _aدمشق :
_bدار المنجد،
300 _a1064
650 1 7 _aالطب
650 1 7 _aجهاز القلب الوعااي
650 1 7 _aتخطيط القلب الكهربااي
650 1 7 _aخلايا الدم
650 1 7 _aالجهاز العصبي
700 1 _aالرفاعي، محمد
_eمترجم
700 1 _aمخلوف، طوني
_eمترجم
700 1 _aمحفوض، فادي دعاس
_eمترجم
942 _2ddc
_cBK
999 _c112157
_d112157